000 01662cab a2200373 4500
001 ABS68754
008 050224n2005 000 0 eng u
035 _a(Sirsi) u128884
245 _aIt's a question of interpretation
260 _c2005
490 _aEstates Gazette
_v(0504) 5 February 2005, 198-199(2)
520 _aDiscusses the lack of principled guidance from the highest UK courts for interpreting the Human Rights Act 1998 in a manner compatible with Convention rights. Discusses the cases that have reached the CA and the HL. Several relate to housing law but the principles included are of general relevance.
590 _aABS
650 _aHUMAN RIGHTS ACT 1998
650 _aHOUSING ACT 1988
650 _aHOUSING ACT 1985
650 _aRENT ACT 1977
650 _aCONVENTION FOR THE PROTECTION OF HUMAN RIGHTS AND FUNDAMENTAL FREEDOMS ART 8
650 _aCONVENTION FOR THE PROTECTION OF HUMAN RIGHTS AND FUNDAMENTAL FREEDOMS ART 1
650 _aHOUSING ACT 1985
650 _aGALLAGHER V CASTLE VALE ACTION TRUST LTD
650 _aPOPLAR HOUSING & REGENERATION COMMUNITY ASSOCIATION LTD V DONOGHUE
650 _aASTON CANTLOW AND WILMCOTE WITH BILLESLEY PCC V WALLBANK AND ANOTHER
650 _aHARROW LBC V QAZI
650 _aR V BRACKNELL FOREST BC EX P MCLELLAN
650 _aKAY AND OTHERS V LAMBETH LBC AND ANOTHER
650 _aSHEFFIELD CITY COUNCIL V SMART
650 _aBRUTON V LONDON AND QUADRANT HOUSING TRUST
650 _aGHAIDAN V GODIN-MENDOZA
650 _aFITZPATRICK V STERLING HOUSING ASSOCIATION LTD
650 _aALBANY HOMES LTD V MASSEY AND MASSEY
690 _aLAW-UK
942 _n0
999 _c74837
_d74837